| 000 | 00949nam a2200241 a 4500 | ||
|---|---|---|---|
| 008 | 120416s1999 ||||||||||||||||| || u | ||
| 020 | _a0471971472 | ||
| 050 | _aQA 263 Ion | ||
| 100 | _aWeiss, Martin, 1966- | ||
| 245 | 1 | 0 | _aGeneralized Riccati theory and robust control: a popov function approach |
| 260 |
_aChichester: _bJohn Wiley and Sons _c1999 |
||
| 300 | _axxii, 380 p.: ill. | ||
| 350 | _a0.00 | ||
| 500 | _aIncludes bibliographical references (p. [369]-374) and index. | ||
| 650 | _aLINEAR SYSTEMS | ||
| 650 | _aRICCATI EQUATION | ||
| 650 | 0 | _aCONTROL THEORY | |
| 700 | _aIonescu, Vlad, 1938- | ||
| 700 | _aOaræa, Cristian | ||
| 856 | _uhttp://www.loc.gov/catdir/description/wiley031/98053332.html | ||
| 856 | _uhttp://www.loc.gov/catdir/toc/onix01/98053332.html | ||
| 995 |
_D0.00 _FCBU-MAIN LIBRARY (Kitwe) _H1 _I18.00 _M1 _UAVAILABLE _ZMain Library Open Access Collection |
||
| 999 |
_c44424 _d44424 |
||